[Event "Open A"]
[Site "Krakow POL"]
[Date "2004.12.31"]
[Round "5"]
[White "Stoma,P"]
[Black "Paaske,A"]
[Result "1/2-1/2"]
[WhiteElo "2301"]
[BlackElo "2132"]

1.e4 c5 2.Nc3 Nc6 3.Bb5 Nf6 4.Nf3 Qc7 5.O-O Nd4 6.Bc4 e6 7.Re1 Ng4 8.g3 Nxf3+
9.Qxf3 Ne5 10.Qe2 Nxc4 11.Qxc4 a6 12.a4 b6 13.d4 d6 14.f4 Be7 15.f5 O-O 16.Bf4 Qd8
17.fxe6 Bxe6 18.d5 Bh3 19.Nd1 Bf6 20.c3 Re8 21.Nf2 Bc8 22.Qd3 h5 23.Qf3 g6
24.Kg2 Ra7 25.h3 Bg7 26.g4 h4 27.g5 Be5 28.Rg1 Rae7 29.Kh2 Kg7 30.Raf1 Qc7
31.Bxe5+ Rxe5 32.Qf6+ Kg8 33.Qf4 Qe7 34.Qxh4 Kg7 35.Qh6+ Kg8 36.h4 Rxe4 37.Nxe4 Qxe4
38.Rg2 Qxd5 39.h5 Bb7 40.Rgf2 Re4 41.Qxg6+ fxg6 42.Rf8+ Kh7 43.R1f7+ Qxf7
44.Rxf7+ Kg8 45.Rxb7 gxh5 46.Rxb6 Rxa4 47.Rxd6 Rg4 48.Rxa6 Rxg5 49.Ra5 Re5
50.Kg3 Re2 51.Rb5 Kf7 52.Rxc5  1/2-1/2

[Event "Czech Christmas"]
[Site "Litomysl CZE"]
[Date "2004.12.31"]
[Round "7"]
[White "Kanovsky,D"]
[Black "Stehno,P"]
[Result "0-1"]
[WhiteElo "2392"]
[BlackElo "2326"]

1.e4 c5 2.Nf3 Nc6 3.Nc3 Nf6 4.e5 Ng4 5.Qe2 d6 6.exd6 e6 7.d4 cxd4 8.Nb5 Bxd6
9.Bg5 Be7 10.Bxe7 Qxe7 11.O-O-O O-O 12.Nfxd4 e5 13.Nxc6 bxc6 14.Nd6 Rd8 15.Nxc8 Qg5+
16.Kb1 Raxc8 17.Rc1 Rd2 18.Qa6 Rcd8 19.Bc4 Nxf2 20.Rhf1 Qxg2 21.Qxa7 Qf3
22.a4 e4 23.a5 e3 24.Rfe1 R2d4 25.Qe7 Qf6 26.Qxe3 Ne4 27.Bb3 Qf5 28.Rf1 Qxa5
29.c3 Nd2+ 30.Kc2 Nxf1 31.Qf3 Rd2+ 32.Kb1 Ra8  0-1

[Event "Open A"]
[Site "Krakow POL"]
[Date "2005.01.03"]
[Round "8"]
[White "Szoen,D"]
[Black "Stoma,P"]
[Result "1-0"]
[WhiteElo "2441"]
[BlackElo "2301"]

1.e4 c5 2.Nc3 Nc6 3.Bb5 Nd4 4.Bc4 e6 5.Nge2 Nf6 6.O-O a6 7.a4 d5 8.exd5 exd5
9.Ba2 Bd6 10.d3 Bxh2+ 11.Kxh2 Ng4+ 12.Kg1  1-0

[Event "GM"]
[Site "Augsburg GER"]
[Date "2005.01.04"]
[Round "9"]
[White "Rogers,I"]
[Black "Arnold,L"]
[Result "1-0"]
[WhiteElo "2593"]
[BlackElo "2340"]

1.e4 c5 2.Nc3 Nc6 3.Bb5 Nd4 4.Bc4 e6 5.Nf3 Ne7 6.O-O Nec6 7.d3 Be7 8.Nxd4 cxd4
9.Ne2 O-O 10.a3 a6 11.Ba2 b5 12.f4 Bb7 13.Ng3 Rc8 14.Bd2 b4 15.axb4 Nxb4
16.Bb3 d5 17.f5 Kh8 18.Nh5 dxe4 19.dxe4 exf5 20.exf5 g6 21.fxg6 fxg6 22.Rxf8+ Bxf8
23.Bg5  1-0

[Event "XI Open A"]
[Site "Bosnjaci CRO"]
[Date "2005.01.04"]
[Round "3"]
[White "Zivkovic,Vj"]
[Black "Pap,M"]
[Result "1/2-1/2"]
[WhiteElo "2406"]
[BlackElo "2387"]

1.e4 c5 2.Nf3 Nc6 3.Nc3 e5 4.Bc4 Be7 5.d3 d6 6.Nd2 Nf6 7.Nf1 Bg4 8.f3 Be6
9.Ne3 a6 10.a3 O-O 11.O-O b5 12.Ba2 Ne8 13.Ncd5 Bg5 14.Ng4 Bxc1 15.Qxc1 Ne7
16.Nge3 Nxd5 17.Nxd5 Nc7 18.Nxc7 Qxc7 19.f4 Bxa2 20.Rxa2 c4 21.Qe3 cxd3 22.Qxd3 exf4
23.Raa1 Qc5+ 24.Rf2 Rfe8 25.Rd1 Rad8 26.Qd4 f5 27.Rxf4 fxe4 28.Rxe4 Qxc2
29.Qd5+ Kh8 30.Rxe8+ Rxe8 31.Qxd6 h6 32.Qd2 Qc5+ 33.Qf2 Qe5 34.Qd4 Qg5 35.h3 a5
36.Qd2 Qc5+ 37.Qf2 Qe5 38.Qd4 Qh5 39.Kh2 Re2 40.Qd8+ Re8 41.Qd4 a4 42.Qd5 Re5
43.Qd8+ Kh7 44.Qd3+ Qg6 45.Qxg6+ Kxg6 46.Rd4 Kf5 47.Rb4 Ke6 48.Kg3 Rf5 49.Kg4 h5+
50.Kh4 Kd6 51.g4 hxg4 52.Kxg4 Rd5 53.h4 g6 54.b3 axb3 55.Rxb3 Kc5 56.Rc3+ Kb6
57.Kf4 Rd4+ 58.Kg5 Rd6 59.Kh6 Ka5 60.Rh3 Ka4 61.Kg7 Rc6 62.Kh6  1/2-1/2

[Event "GM"]
[Site "Augsburg GER"]
[Date "2005.01.05"]
[Round "10"]
[White "Pitl,G"]
[Black "Arnold,L"]
[Result "1/2-1/2"]
[WhiteElo "2305"]
[BlackElo "2340"]

1.e4 c5 2.Nc3 Nc6 3.Bb5 Nd4 4.Bc4 e6 5.Nge2 Ne7 6.Nxd4 cxd4 7.Ne2 Nc6 8.d3 g6
9.O-O Bg7 10.Kh1 Na5 11.Bb3 Nxb3 12.axb3 O-O 13.f4 f5 14.Ng1 d6 15.Bd2 Bd7
16.Ba5 Qc8 17.Bb4 Qc7 18.Qd2 fxe4 19.dxe4 Bb5 20.Rfc1 Bh6 21.Qxd4 Bxf4 22.Bc3 Be5
23.Qb4 Bxc3 24.bxc3 Bc6 25.Nf3 Rf4 26.Re1 Qe7 27.Rad1 Rd8 28.Rd4 e5 29.Rdd1 Kg7
30.Kg1 Rd7 31.Kh1 Qf6 32.Kg1 a6 33.Qc4 h6 34.Qb4 g5 35.Nd2 Qe6 36.Nf1 d5
37.Ng3 dxe4 38.Nh5+ Kg6 39.Nxf4+ gxf4 40.Qc5 e3 41.Rxd7 Qxd7 42.Qxe5 Qd2
43.Qe6+  1/2-1/2

[Event "XI Open A"]
[Site "Bosnjaci CRO"]
[Date "2005.01.05"]
[Round "4"]
[White "Popovic,Du"]
[Black "Pap,M"]
[Result "0-1"]
[WhiteElo "2447"]
[BlackElo "2387"]

1.e4 c5 2.Nc3 Nc6 3.Bb5 Nd4 4.Bc4 e6 5.Nge2 Nf6 6.O-O a6 7.a4 Nxe4 8.Nxe4 d5
9.Nxd4 cxd4 10.Bd3 dxe4 11.Bxe4 Bd6 12.Qh5 g6 13.Qe2 f5 14.Bd3 Qc7 15.h3 O-O
16.Bc4 Kg7 17.c3 Be5 18.Re1 Bf6 19.b3 Rd8 20.Rb1 dxc3 21.dxc3 e5 22.Bb2 Bd7  0-1

[Event "1st GM"]
[Site "Mataro ESP"]
[Date "2005.01.05"]
[Round "9"]
[White "Tissir,M"]
[Black "Barrientos,S"]
[Result "1/2-1/2"]
[WhiteElo "2394"]
[BlackElo "2435"]

1.e4 c5 2.Nc3 Nc6 3.Bb5 Nd4 4.Bc4 e6 5.Nf3 Ne7 6.Nxd4 cxd4 7.Ne2 Nc6 8.O-O Be7
9.d3 O-O 10.Bb3 f5 11.exf5 Rxf5 12.Ng3 Rf7 13.f4 d5 14.a3 Bd6 15.Qg4  1/2-1/2

[Event "34th Rilton Cup"]
[Site "Stockholm SWE"]
[Date "2005.01.05"]
[Round "9"]
[White "Carlsson,P"]
[Black "Khenkin,I"]
[Result "0-1"]
[WhiteElo "2360"]
[BlackElo "2587"]

1.e4 c5 2.Nf3 Nc6 3.Nc3 d6 4.d4 cxd4 5.Nxd4 Nf6 6.Bg5 Bd7 7.Qd2 Rc8 8.f3 a6
9.Nxc6 Bxc6 10.O-O-O e6 11.Kb1 Be7 12.h4 h6 13.Be3 Nd7 14.Bd4 O-O 15.g4 Bxh4
16.Qh2 Bg5 17.Qxd6 Qe7 18.Qxe7 Bxe7 19.Bg2 Rfd8 20.f4 Bf6 21.Ne2 e5 22.Be3 exf4
23.Nxf4 Bg5 24.Nd5 Bxd5 25.Bxg5 Bxa2+ 26.Kxa2 hxg5 27.e5 Rc7 28.e6 fxe6 29.Rd6 Kf7
30.Rh5 Rxc2 31.Bxb7 Ke7 32.Rc6 Rxc6 33.Bxc6 Ne5 34.Bb7 Rb8 35.Bg2 Kf6 36.Bf1 Nxg4
37.Be2 Ne3 38.Rh3 Nd5 39.Bc4 g4 40.Ra3 Nb4+ 41.Kb1 Rb6 42.Ra5 Rd6  0-1

[Event "HSK IM"]
[Site "Hamburg GER"]
[Date "2005.01.06"]
[Round "7"]
[White "Fries Nielsen,JO"]
[Black "Stanke,J"]
[Result "1/2-1/2"]
[WhiteElo "2388"]
[BlackElo "2318"]

1.e4 c5 2.Nc3 Nc6 3.Bb5 Nd4 4.Nf3 e6 5.O-O a6 6.Be2 Ne7 7.Nxd4 cxd4 8.Nb1 d5
9.d3 b5 10.f4 Bb7 11.Nd2 g6 12.Bg4 h5 13.Bf3 Qb6 14.a4 Rd8 15.axb5 axb5 16.Kh1 f5
17.Re1 Kf7  1/2-1/2

[Event "ch-FENACH"]
[Site "Santiago CHI"]
[Date "2005.01.08"]
[Round "10"]
[White "Cuevas Araya,W"]
[Black "Vera Soto,S"]
[Result "0-1"]
[WhiteElo "2185"]
[BlackElo "2171"]

1.e4 c5 2.Nc3 Nc6 3.Nf3 d6 4.d4 cxd4 5.Nxd4 Nf6 6.Be2 e5 7.Nb3 Be7 8.O-O O-O
9.f4 a5 10.Be3 a4 11.Nc1 a3 12.bxa3 exf4 13.Bxf4 Qb6+ 14.Kh1 Qb2 15.Qd2 Qxa1
16.Nd3 Nxe4 17.Nxe4 Qd4 18.Bf3 Ne5 19.Be3 Nxf3 20.gxf3 Qc4 21.Rg1 Bf5 22.Qg2 Bg6
23.Nf4 Rxa3 24.c3 Rxa2 25.Qg3 d5 26.Ng5 Bf6 27.h4 Re8 28.h5 Bf5 29.Bd4 Bxd4
30.cxd4 Qxd4 31.h6 Ra1 32.Ne2 Rxg1+ 33.Nxg1 Qf6  0-1

[Event "Keres Mem Rapid w"]
[Site "Tallinn EST"]
[Date "2005.01.08"]
[Round "2"]
[White "Narva,R"]
[Black "Kovalevskaya,E"]
[Result "1/2-1/2"]
[WhiteElo "2076"]
[BlackElo "2471"]

1.e4 c5 2.Nc3 Nc6 3.Nf3 e5 4.Nd5 Be7 5.Nxe7 Ngxe7 6.c4 O-O 7.d3 d6 8.h3 f5
9.g3 f4 10.Bg2 Ng6 11.O-O h6 12.Kh2 Be6 13.a3 Qd7 14.Bd2 Nd4 15.Nxd4 cxd4
16.g4 f3 17.Bxf3 Rf7 18.Bg2 Raf8 19.f3 Qe7 20.Qe1 Nh4 21.Qg3 g5 22.b4 Bd7
23.a4 Rf6 24.b5 R8f7 25.Bb4 Qf8 26.Kh1 b6 27.a5 Nxf3 28.Bxd6 Qxd6 29.Rxf3 Rf4
30.axb6 axb6 31.Rxf4 gxf4 32.Qf3 Kg7 33.Rg1 Rf6 34.Qe2 Qe7 35.Bf3 Rg6 36.Qf2 Qe6
37.Qh4 Rg5 38.Kh2 Qe7 39.Rg2 Qb4 40.Rc2 Qa3 41.Rd2 Be6 42.Qf2 Bf7 43.Qe2 Rg6
44.Ra2 Qe7 45.Qf2 Rd6 46.Ra1 Rg6 47.Rg1 Qa3 48.Qe2 Qc3 49.h4 Qa3 50.g5  1/2-1/2

[Event "TCh-BEL 2004-5"]
[Site "Belgium BEL"]
[Date "2005.01.09"]
[Round "6"]
[White "Akhayan,R"]
[Black "Van de Wynkele,E"]
[Result "1-0"]
[WhiteElo "2205"]
[BlackElo "1954"]

1.e4 c5 2.Nf3 Nc6 3.Nc3 d6 4.d4 cxd4 5.Nxd4 Nf6 6.Bc4 e6 7.Be3 Be7 8.Qe2 Bd7
9.O-O-O a6 10.Bb3 Na5 11.g4 Nxb3+ 12.axb3 O-O 13.g5 Ne8 14.Rhg1 Qa5 15.Kb1 Nc7
16.Qh5 Nb5 17.Rg3 h6 18.Rdg1 Bxg5 19.Bxg5 Nxc3+ 20.bxc3 f6 21.Bxf6  1-0

[Event "Keres Mem Rapid w"]
[Site "Tallinn EST"]
[Date "2005.01.09"]
[Round "7"]
[White "Kovalevskaya,E"]
[Black "Cramling,P"]
[Result "1/2-1/2"]
[WhiteElo "2471"]
[BlackElo "2477"]

1.e4 c5 2.Nc3 Nc6 3.Bb5 Nd4 4.Bc4 e6 5.Nf3 Ne7 6.Nxd4 cxd4 7.Ne2 Nc6 8.O-O Bc5
9.d3 h5 10.Bb3 g6 11.c3 h4 12.h3 Qf6 13.Ba4 dxc3 14.bxc3 e5 15.Bb2 O-O 16.d4 Bb6
17.f4 d6 18.fxe5 Qxe5 19.Bc2 Qg5 20.Bc1 Qh5 21.Nf4 Qxd1 22.Rxd1 Na5 23.Nd5 Bd8
24.Bf4 Nc4 25.Bb3 b5 26.Bxc4 bxc4 27.Bxd6 Re8 28.e5 Bf5 29.Nc7 Bxc7 30.Bxc7 Rac8
31.Bd6 Rc6 32.Rd2 Rb6 33.Bc5 Rb7 34.Re1 Rd8 35.Kf2 Rd5 36.Ree2 a6 37.Rb2 Rdd7
38.Red2 Be4 39.Ke3 Bd5 40.Kf2 Kg7 41.Re2 g5 42.Ba3 Kg6 43.Rb4 Rxb4 44.Bxb4 Rb7
45.Ke3 Rb6 46.Rf2 f5 47.exf6 Re6+ 48.Kd2 Rxf6 49.Ke3 Re6+ 50.Kd2 Rf6 51.Ke3 Re6+
52.Kd2 Rf6  1/2-1/2

[Event "XXX Open"]
[Site "Seville ESP"]
[Date "2005.01.11"]
[Round "5"]
[White "Tissir,M"]
[Black "Parligras,M"]
[Result "1/2-1/2"]
[WhiteElo "2394"]
[BlackElo "2559"]

1.e4 c5 2.Nc3 Nc6 3.Bb5 Nd4 4.Bc4 e6 5.Nf3 Nf6 6.O-O a6 7.a4 d5 8.exd5 exd5
9.Ba2 Bg4 10.Qe1+ Be7 11.Nxd4 cxd4 12.Ne2 d3 13.cxd3 O-O 14.h3 Bf5 15.d4 Qd7
16.Qd1 Bd3 17.Bb1 Qf5 18.Ng3 Qg6 19.Bxd3 Qxd3 20.Re1 Bd6 21.Re3 Qxd4 22.Nf5 Qf4
23.Nxd6 Qxd6 24.d3 Rfe8 25.Rg3 Re6 26.Bh6 Ne8 27.Bd2 Qb6 28.a5 Qxb2 29.Rb1 Qe5
30.Rxb7 Nd6 31.Re3 Qf5  1/2-1/2

[Event "Extraliga CZE 2004-5"]
[Site "Czech Rep CZE"]
[Date "2005.01.15"]
[Round "5"]
[White "Zezulkin,J"]
[Black "Jirovsky,M"]
[Result "1/2-1/2"]
[WhiteElo "2535"]
[BlackElo "2499"]

1.e4 c5 2.Nc3 Nc6 3.Nf3 g6 4.d4 cxd4 5.Nxd4 Bg7 6.Be3 Nf6 7.Bc4 O-O 8.Bb3 d6
9.f3 Bd7 10.Qd2 Nxd4 11.Bxd4 b5 12.Nd5 Nxd5 13.Bxg7 Kxg7 14.Bxd5 Rc8 15.h4 h6
16.O-O-O Qb6 17.Kb1 Rc7  1/2-1/2

[Event "Tch-FIN 2004-5"]
[Site "Finland FIN"]
[Date "2005.01.15"]
[Round "6"]
[White "Lehtinen,A"]
[Black "Saastamoinen,A"]
[Result "1/2-1/2"]
[WhiteElo "2182"]
[BlackElo "2162"]

1.e4 c5 2.Nc3 Nc6 3.Nge2 Nf6 4.g3 e5 5.Bg2 d6 6.O-O a6 7.d3 Qc7 8.Bg5 Nd4
9.f4 Be7 10.fxe5 dxe5 11.Bxf6 Bxf6 12.Nd5 Qd6 13.Nxd4 cxd4 14.Qf3 O-O 15.Nxf6+ Qxf6
16.Qxf6 gxf6 17.Rxf6 Be6 18.Rf2 Rac8 19.Kf1 Rc5 20.Bf3 Rfc8 21.Bd1 Ra5 22.Ke1 b5
23.Kd2 b4 24.Bh5  1/2-1/2

[Event "Open"]
[Site "Prague CZE"]
[Date "2005.01.15"]
[Round "3"]
[White "Ziabari,M"]
[Black "Galochkin,S"]
[Result "1-0"]
[WhiteElo "1958"]
[BlackElo "2085"]

1.e4 c5 2.Nf3 Nc6 3.Nc3 g6 4.Bc4 Bg7 5.d3 d6 6.Be3 Nf6 7.h3 O-O 8.Qd2 a6
9.a3 b5 10.Ba2 b4 11.axb4 cxb4 12.Ne2 Rb8 13.Bh6 a5 14.Bxg7 Kxg7 15.O-O Qb6
16.Ng3 Ba6 17.Nh4 e6 18.Qg5 Ne7 19.Kh1 Rbc8 20.Bb3 Bb5 21.Qd2 Ra8 22.Ba4 Ba6
23.f4 Qd4 24.Bb3 Bb5 25.f5 a4 26.Ba2 Qe5 27.Rf3 Qxb2 28.Raf1 Qxa2 29.fxg6 fxg6
30.Qg5 Qb2 31.Rxf6 Nf5 32.Nh5+ Kh8 33.exf5 Rxf6 34.Nxf6 exf5 35.Nxg6+ Kg7
36.Ne7+ Kf7 37.Nxf5  1-0

[Event "Open"]
[Site "Prague CZE"]
[Date "2005.01.19"]
[Round "7"]
[White "Kuba,J"]
[Black "Reznicek,M"]
[Result "1-0"]
[WhiteElo "2177"]
[BlackElo "2079"]

1.e4 c5 2.Nc3 Nc6 3.Bb5 a6 4.Bxc6 bxc6 5.Nge2 d5 6.d3 e6 7.O-O Bd6 8.f4 Ne7
9.Na4 f6 10.e5 fxe5 11.fxe5 Bxe5 12.Bg5 Qc7 13.Ng3 g6 14.Qe2 Nf5 15.Nxf5 gxf5
16.Bh6 Bxh2+ 17.Kh1 Bd6 18.Rxf5 Kd8 19.Bg5+ Be7 20.Rf7 Re8 21.Raf1 Qd6 22.Rxe7 Rxe7
23.Rf7 Ra7 24.Qf3 Qe5 25.Rf8+ Kd7 26.Nxc5+  1-0

[Event "ch-Kiev"]
[Site "Kiev UKR"]
[Date "2005.01.21"]
[Round "4"]
[White "Kernazhitsky,L"]
[Black "Leshchenko,V"]
[Result "1-0"]
[WhiteElo "2377"]
[BlackElo "2145"]

1.e4 c5 2.Nc3 Nc6 3.Bb5 Nd4 4.Bc4 d6 5.Nf3 Nf6 6.d3 Bg4 7.Be3 a6 8.Bxd4 cxd4
9.Ne2 Bxf3 10.gxf3 Qa5+ 11.Qd2 Qxd2+ 12.Kxd2 e5 13.c3 dxc3+ 14.bxc3 g6 15.a4 Bh6+
16.Kc2 Nd7 17.Bd5 Rb8 18.a5 Nf6 19.Bc4 Rf8 20.Rhb1 Kd7 21.Ra4 Kc7 22.Rab4 Nd7
23.Bd5 b5 24.c4 bxc4 25.Rb7+ Rxb7 26.Rxb7+ Kc8 27.dxc4 Bg5 28.Ra7 Nb8 29.Nc3 Kd8
30.Na4 Be7 31.Nb6 Bh4 32.Rb7 Bxf2 33.Rxb8+ Ke7 34.Rb7+ Kf6  1-0

[Event "Corus B"]
[Site "Wijk aan Zee NED"]
[Date "2005.01.21"]
[Round "6"]
[White "Nijboer,F"]
[Black "Ramirez,Al"]
[Result "1/2-1/2"]
[WhiteElo "2549"]
[BlackElo "2507"]

1.e4 c5 2.Nf3 Nc6 3.Nc3 e5 4.Bc4 Be7 5.O-O Nf6 6.Ng5 O-O 7.f4 exf4 8.d3 Ne5
9.Bxf4 Nxc4 10.dxc4 d6 11.Qd2 Be6 12.b3 Qd7 13.Rad1 Rad8 14.h3 Rfe8 15.Qe2 Qc6
16.Rd3 Bf8 17.Qd2 Rd7 18.Rd1 h6 19.Nxe6 Rxe6 20.Re1  1/2-1/2

[Event "Club Championship"]
[Site "Sao Paulo BRA"]
[Date "2005.01.22"]
[Round "10"]
[White "Marra,E"]
[Black "Crosa,M"]
[Result "0-1"]
[WhiteElo "2261"]
[BlackElo "2401"]

1.e4 c5 2.Nf3 Nc6 3.Nc3 g6 4.d4 cxd4 5.Nxd4 Bg7 6.Be3 Nf6 7.Bc4 O-O 8.Bb3 a5
9.O-O a4 10.Bd5 a3 11.bxa3 Rxa3 12.Bb3 Ra8 13.Nxc6 bxc6 14.e5 Ne8 15.f4 d6
16.Qd2 Qa5 17.Bd4 c5 18.Be3 e6 19.Ne4 c4 20.Bxc4 d5 21.Qxa5 Rxa5 22.Bc5 dxe4
23.Bxf8 Bxf8 24.Rfd1 Be7 25.Rab1 Rc5 26.Rd4 e3 27.Bd3 Rc7 28.Kf1 Kf8 29.Rc4 Rb7
30.Rxb7 Bxb7 31.g3 Bd8 32.Ke2 Nc7 33.Kxe3 Nd5+ 34.Kd2 Ba5+ 35.Kc1 Ke7 36.Ra4 Bb6
37.c4 Nc3 38.Ra3 Bd4 39.Kc2 Ne4 40.Rb3 Nc5 41.Rb4 Kd7 42.Rb1 Bc6 43.Rb8 h5
44.h3 Bg2 45.g4 h4 46.Rf8 Ke7 47.Rh8 Bf2 48.f5 exf5 49.gxf5 Nxd3 50.f6+ Kd7
51.Kxd3 Bxh3 52.Ke2 Bg3 53.Kf3 Be6 54.a4 Bxc4 55.a5 g5 56.Kg4 Be6+ 57.Kxg5 h3
58.a6 h2 59.a7 Bd5 60.a8=Q Bxa8 61.Rxa8 h1=Q 62.Ra7+ Ke6 63.Re7+ Kd5 64.Rxf7 Qh4+
65.Kg6 Qg4+ 66.Kh7 Bxe5 67.Rg7 Qh5+  0-1

[Event "IMA1"]
[Site "Marianske Lazne CZE"]
[Date "2005.01.23"]
[Round "2"]
[White "Petr,Ma"]
[Black "Furman,Bo"]
[Result "1-0"]
[WhiteElo "2266"]
[BlackElo "2346"]

1.e4 c5 2.Nf3 Nc6 3.Nc3 d6 4.d4 cxd4 5.Nxd4 Nf6 6.Bg5 e6 7.Qd2 Be7 8.O-O-O O-O
9.f3 Nxd4 10.Qxd4 a6 11.h4 Qa5 12.Kb1 b5 13.Qd2 b4 14.Ne2 e5 15.Nc1 Be6 16.g4 Rfd8
17.Bxf6 Bxf6 18.g5 Be7 19.Bh3 Bc4 20.Qg2 Qc7 21.h5 a5 22.g6 a4 23.b3 Bb5
24.Bf5 Be8 25.h6 fxg6 26.Be6+ Kh8 27.hxg7+ Kxg7 28.Qh3 h5 29.Rdg1 g5 30.Qf5 Bg6
31.Rxg5 Bxg5 32.Qxg5 Rh8 33.Ne2 Qd8 34.Qg2 Qf6 35.Bd5 Raf8 36.Ng3 Qxf3 37.Qh3 a3
38.Rg1 Qf2 39.Qh1 Qd4 40.Kc1 Qa1+ 41.Kd2 Rf2+ 42.Ne2 Qd4+ 43.Ke1 Rxe2+ 44.Kxe2 Rc8
45.Bc4 Kh7 46.Bd3 Rf8 47.Qg2 Rf6 48.Qg5 Qf2+ 49.Kd1 Qf3+ 50.Be2 Qf4 51.Bxh5 Qxg5
52.Rxg5 Bxe4 53.Be2 Rf2 54.Ke1 Rh2 55.Rg4 d5 56.Rg5 Bxc2 57.Rxe5 d4 58.Rd5 Rh4
59.Kd2 Bg6 60.Rd7+ Kh6 61.Rd6 Kg5 62.Rd5+ Kf6 63.Rd6+ Kg7 64.Rd7+ Kf8 65.Rd6 Bh7
66.Rb6 d3 67.Bxd3 Rh2+ 68.Be2 Rh4 69.Bd3 Rd4 70.Rb8+  1-0

[Event "Zimski Winter Open"]
[Site "Belgrade SCG"]
[Date "2005.01.26"]
[Round "4"]
[White "Bacvanin,S"]
[Black "Sarenac,I"]
[Result "0-1"]
[WhiteElo "2163"]
[BlackElo "2064"]

1.e4 c5 2.Nf3 Nc6 3.Nc3 Nf6 4.d4 cxd4 5.Nxd4 e5 6.Ndb5 d6 7.Bg5 a6 8.Na3 b5
9.Nd5 Be7 10.Bxf6 Bxf6 11.c4 b4 12.Nc2 a5 13.Be2 O-O 14.O-O Bg5 15.Bg4 f5
16.exf5 Bxf5 17.Bxf5 Rxf5 18.Qg4 Rf7 19.g3 Bh6 20.f4 exf4 21.Nxf4 Ne5 22.Qe6 Qb6+
23.Kg2 Qc6+ 24.Nd5 Re8 25.Nd4 Rxe6 26.Nxc6 Nxc6  0-1

[Event "Club Championship"]
[Site "Sao Paulo BRA"]
[Date "2005.01.27"]
[Round "8"]
[White "Van Riemsdijk,H"]
[Black "Crosa,M"]
[Result "0-1"]
[WhiteElo "2409"]
[BlackElo "2401"]

1.e4 c5 2.Nf3 Nc6 3.Nc3 Nf6 4.Bb5 Qc7 5.O-O Nd4 6.Re1 a6 7.Bf1 e5 8.Bc4 Be7
9.Nd5 Nxd5 10.Bxd5 O-O 11.Nxd4 cxd4 12.c3 dxc3 13.dxc3 d6 14.Qb3 Rb8 15.a4 Bd7
16.Be3 Bc6 17.Red1 Rbc8 18.Rd3 Kh8 19.f3 Bxd5 20.Qxd5 Qc6 21.a5 Qxd5 22.Rxd5 g6
23.Ra4 Kg7 24.Rb4 Rc7 25.Bb6 Rc6 26.Be3 Rc7 27.f4 Rfc8 28.Kf2 f6 29.Ke2 Kf7
30.Kd3 Ke6 31.c4 Rd7 32.g4 exf4 33.Bxf4 Rc5 34.Be3 Rxd5+ 35.exd5+ Kf7 36.Ra4 f5
37.g5 h6 38.h4 hxg5 39.hxg5 Bd8 40.b4 Re7 41.Ra1 Kg8 42.Bb6 Bxb6 43.axb6 Re5
44.Rxa6 bxa6 45.b7 Re8 46.c5 f4 47.c6 f3 48.c7 f2 49.b8=Q f1=Q+ 50.Kd2 Qf8  0-1

[Event "10th HIT Open A"]
[Site "Nova Gorica SLO"]
[Date "2005.01.28"]
[Round "1"]
[White "Delchev,A"]
[Black "Muzychuk,A"]
[Result "1-0"]
[WhiteElo "2597"]
[BlackElo "2387"]

1.e4 c5 2.Nc3 Nc6 3.Bb5 Qc7 4.Nf3 Nf6 5.O-O Nd4 6.Re1 a6 7.Bf1 Ng4 8.g3 Nxf3+
9.Qxf3 Ne5 10.Qe3 e6 11.b3 Be7 12.Bb2 O-O 13.Bg2 d6 14.d4 cxd4 15.Qxd4 Bf6
16.Qd2 Rd8 17.Nd1 Nd7 18.c4 Bxb2 19.Nxb2 e5 20.Na4 Nf6 21.Nc3 Bd7 22.Rac1 Rac8
23.Red1 Bg4 24.f3 Be6 25.Kh1 Qb8 26.a4 b6 27.f4 exf4 28.gxf4 Bg4 29.Re1 Re8
30.Re3 Bd7 31.Qd4 Bc6 32.Rg1 Kh8 33.Bh3 Rc7 34.Rxg7 Kxg7 35.Rg3+ Kf8 36.Qxf6 Qd8
37.Qh6+ Ke7 38.Rg7 Rh8 39.Be6 Ke8 40.Bd5 b5 41.e5 Bxd5+ 42.Nxd5 dxe5 43.Rg5 Kd7
44.Rxe5 Kc8 45.Qxa6+ Kb8 46.Qb6+ Rb7 47.Qxd8+ Rxd8 48.axb5 Ra7 49.Kg2 Ra2+
50.Kh3 Rb2 51.b4 Rc2 52.c5 Rd2 53.Ne7 R8d3+ 54.Kg4 Rg2+ 55.Kf5 Rxh2 56.Kf6 Rf2
57.f5 h5 58.c6 Rd6+ 59.Kxf7  1-0

[Event "ch-Kiev"]
[Site "Kiev UKR"]
[Date "2005.01.29"]
[Round "10"]
[White "Kernazhitsky,L"]
[Black "Shishkin,Va UKR"]
[Result "0-1"]
[WhiteElo "2377"]
[BlackElo "2488"]

1.e4 c5 2.Nc3 Nc6 3.Bb5 Nd4 4.Bc4 e6 5.Nf3 Nf6 6.O-O a6 7.a4 d5 8.exd5 exd5
9.Ba2 Bg4 10.Qe1+ Be7 11.Nxd4 cxd4 12.Ne2 O-O 13.f3 Bd7 14.d3 Bxa4 15.Bb1 Bd7
16.Qf2 Bc5 17.c3 Re8 18.b4 Bd6 19.Nxd4 Qc7 20.f4 Qxc3 21.Ra3 Qxb4 22.Rb3 Qa4
23.Rxb7 Bc5 24.Bb2 Ng4 25.Bc2 Nxf2 26.Bxa4 Bxa4 27.Kxf2 Rab8 28.Rxb8 Rxb8
29.Ba1 Bd7 30.Kf3 h5 31.h3 a5 32.Rc1 Bd6 33.Ne2 Rb3 34.Ke3 a4 35.Be5 Bxe5
36.fxe5 a3 37.Ra1 Bf5 38.Nc1 Rc3 39.g4 hxg4 40.hxg4 Bxg4 41.Kd4 Rc2 42.Nb3 a2
43.Nc1 Rc8 44.Nxa2 Ra8 45.Kc3 Ra3+ 46.Kb4 Rxd3 47.Nc3 Be6 48.Re1 Rd4+ 49.Kb3 g5
50.Nb5 Rf4 51.Kc3 Rc4+ 52.Kd2 Kg7 53.Nd6 Rf4 54.Ke3 Kg6 55.Rg1 d4+ 56.Kd3 Bf5+
57.Ke2 g4 58.Rg3 Be4 59.Ra3 Kg5 60.Ra7 Bg6 61.Ra3 Kh5 62.Ra8 Kh4 63.Rh8+ Bh5
64.Kd2 g3 65.Rg8 Bg4  0-1

[Event "13th Fajr Open"]
[Site "Tehran IRI"]
[Date "2005.01.29"]
[Round "4"]
[White "Moosavian,S"]
[Black "Momeni,E"]
[Result "0-1"]
[WhiteElo "2250"]
[BlackElo "2120"]

1.e4 c5 2.Nc3 Nc6 3.Nf3 d6 4.Bc4 e6 5.d4 cxd4 6.Nxd4 Be7 7.Be3 Nf6 8.Qe2 a6
9.O-O-O Qc7 10.Bb3 Na5 11.g4 b5 12.g5 Nxb3+ 13.axb3 Nd7 14.f4 b4 15.Na4 Bb7
16.Bd2 Nc5 17.Nxc5 dxc5 18.Nf3 O-O 19.f5 a5 20.f6 Bd6 21.fxg7 Rfc8 22.g6 fxg6
23.Qc4 Re8 24.Qe2 a4 25.h4 axb3 26.cxb3 Ba6 27.Qe3 c4 28.Kb1 Bc5 29.Qh6 cxb3
30.Bf4 Bd6  0-1

[Event "13th Fajr Open"]
[Site "Tehran IRI"]
[Date "2005.01.30"]
[Round "6"]
[White "Mohammadi,H"]
[Black "Vahidi,M"]
[Result "0-1"]
[WhiteElo "2313"]
[BlackElo "2226"]

1.e4 c5 2.Nc3 Nc6 3.Bb5 Nd4 4.Bc4 e6 5.Nf3 a6 6.a4 Ne7 7.O-O Nec6 8.d3 Qc7
9.Nxd4 Nxd4 10.Be3 b6 11.Bxd4 cxd4 12.Ne2 Bc5 13.f4 Bb7 14.f5 Bd6 15.h3 Bxe4
16.fxe6 dxe6 17.Bxe6 Bh2+ 18.Kh1 Bxg2+ 19.Kxg2 fxe6 20.Qe1 O-O-O 21.Qh4 Be5
22.Kg1 Kb8 23.Qe4 Rd5 24.c3 Bh2+ 25.Kh1 dxc3 26.bxc3 Bd6 27.d4 Qb7 28.Rg1 g6
29.Rg2 Rf5 30.Qxe6 Bc7 31.Kg1 Rhf8 32.Rb1 Ka7 33.Qe3 Rf3 34.Qe6 R8f6 35.Qg4 h5
36.Qh4 Qd5 37.Rd1 Qf5 38.Qe1 Qxh3 39.c4 g5 40.a5 g4 41.axb6+ Bxb6 42.c5 Bc7
43.Qb4 Rb3 44.Qd2 Rff3 45.Qh6 g3 46.Qc6 Rf7 47.Qd5 Rbf3 48.Rb1 Qc8 49.Qxh5 Qf8
50.Kh1 Rf1+ 51.Rxf1 Rxf1+ 52.Ng1 Rf5 53.Qh7 Rf7 54.Qh5 Qg8 55.Nh3 Rh7 56.Qf5 Qh8  0-1

[Event "Oceania zt"]
[Site "Auckland NZL"]
[Date "2005.01.31"]
[Round "2"]
[White "Rujevic,M"]
[Black "Van Renen,M"]
[Result "1-0"]
[WhiteElo "2260"]
[BlackElo "2060"]

1.e4 c5 2.Nc3 Nc6 3.Nf3 a6 4.d4 cxd4 5.Nxd4 e6 6.Be3 Nge7 7.Nb3 Ng6 8.g3 Be7
9.h4 h5 10.Be2 Nge5 11.f4 Ng4 12.Bxg4 hxg4 13.Qxg4 d5 14.O-O-O e5 15.Qe2 d4
16.fxe5 Nxe5 17.Rxd4 Bd7 18.Bf4 Nc6 19.Rd2 g5 20.Be3 gxh4 21.Nd5 Ne5 22.Bb6 Qc8
23.Nxe7 Kxe7 24.Bc5+ Ke8 25.Rxh4 Rg8 26.Qh5 Ng6 27.Qh7 Rf8 28.Bxf8 Kxf8 29.Rh6 Be8  1-0

[Event "13th Fajr Open"]
[Site "Tehran IRI"]
[Date "2005.01.31"]
[Round "8"]
[White "Moghaddamian,A"]
[Black "Soozankar,A"]
[Result "0-1"]
[WhiteElo "2194"]
[BlackElo "2255"]

1.Nc3 c5 2.e4 Nc6 3.Nf3 g6 4.d4 cxd4 5.Nxd4 Bg7 6.Be3 d6 7.Bc4 Nf6 8.Nxc6 bxc6
9.e5 Ng4 10.e6 f5 11.Bd4 Nf6 12.Qe2 d5 13.Bb3 Qd6 14.O-O-O Bxe6 15.Rhe1 Bf7
16.Na4 e6 17.Kb1 Nh5 18.Bc5 Qc7 19.g3 Nf6 20.f3 Nd7 21.c4 O-O-O 22.Rc1 d4
23.Qd2 Nxc5 24.Nxc5 e5 25.Bc2 Rhe8 26.g4 Bf8 27.Nb3 fxg4 28.fxg4 d3 29.Bd1 e4
30.g5 Bd6 31.Bg4+ Kb8 32.Rf1 Be6 33.Bxe6 Rxe6 34.Rce1 Ka8 35.Rf6 Rxf6 36.gxf6 Bf4
37.Qg2 e3 38.f7 Qxf7 39.Qxc6+ Qb7 40.Qf6 Bc7 41.Qe7 d2 42.Rd1 Qf3 43.Kc2 Qf5+
44.Kc3 Qd3+  0-1

[Event "Oceania zt"]
[Site "Auckland NZL"]
[Date "2005.02.02"]
[Round "6"]
[White "Solomon,SJ"]
[Black "Lane,G"]
[Result "0-1"]
[WhiteElo "2426"]
[BlackElo "2439"]

1.e4 c5 2.Nf3 Nc6 3.Nc3 e5 4.Bc4 Be7 5.d3 d6 6.O-O Nf6 7.Ng5 O-O 8.f4 Bg4
9.Qe1 Nd4 10.h3 Bd7 11.Qf2 exf4 12.Bxf4 b5 13.Bb3 Nxb3 14.axb3 Nh5 15.Nd5 Nxf4
16.Nxe7+ Qxe7 17.Qxf4 a5 18.Nf3 a4 19.Nd2 Be6 20.bxa4 bxa4 21.e5 dxe5 22.Qxe5 Qb7
23.Ne4 c4 24.Rf3 Qb6+ 25.Nc5 cxd3 26.Rg3 g6 27.cxd3 Ra5 28.d4 Qxb2 29.Rga3 Rd8
30.Rxa4 Rxc5 31.Qxc5 Bd5 32.R1a2 Bxa2 33.Qa5 Qc1+ 34.Kh2 Qf4+ 35.Kh1 Rc8  0-1

[Event "Oceania zt"]
[Site "Auckland NZL"]
[Date "2005.02.03"]
[Round "7"]
[White "Lukey,S"]
[Black "Jones,B"]
[Result "1/2-1/2"]
[WhiteElo "2281"]
[BlackElo "2168"]

1.e4 c5 2.Nf3 Nc6 3.Nc3 g6 4.d4 cxd4 5.Nxd4 Bg7 6.Be3 Nf6 7.f3 O-O 8.Qd2 d5
9.O-O-O dxe4 10.Nxc6 Qxd2+ 11.Rxd2 bxc6 12.Bc4 exf3 13.gxf3 Be6 14.Bb3 Bxb3
15.cxb3 e6 16.Rd6 Nd5 17.Bd2 Rfc8 18.Ne4 Be5 19.Rd7 Rc7 20.Rxc7 Bxc7 21.Kc2 Re8
22.Kd3 f5 23.Nc5 Kf7 24.h4 h5 25.Bg5 Nf6 26.Rc1 Rd8+ 27.Ke2 Rd4 28.Nd3 Nd5
29.Rxc6 e5 30.Nc5 Bd8 31.Ne6 Bxg5 32.Nxd4 Bxh4 33.Nb5 Bg3 34.Nc3 Nf4+ 35.Kf1 h4
36.Ne2 Nxe2 37.Kxe2 h3 38.Kf1 g5 39.Ra6 h2 40.Kg2 f4 41.Rxa7+ Kf6 42.Rh7 e4
43.fxe4 Ke5 44.Kf3 Bh4 45.Kg2 Bg3  1/2-1/2